Les villes les plus peuplées - France - Statistiques

Statistiques générales
  • Ce quiz a été pris 37 fois
  • Le résultat moyen est 12 sur 15
Statistiques - réponses
Hint Réponse % Correct
267 991 Bordeaux
100%
519 127 Lyon
100%
886 040 Marseille
100%
2 103 778 Paris
100%
238 246 Lille
94%
514 819 Toulouse
94%
357 737 Nice
88%
310 240 Montpellier
85%
230 890 Rennes
85%
293 771 Strasbourg
79%
327 734 Nantes
76%
179 116 Toulon
68%
166 687 Le Havre
62%
173 136 Saint-Étienne
56%
177 674 Reims
53%
Aucun quiz correspondant
Distribution des résultats
% des personnes avec chaque résultat
Percentile par nombre de réponses
Votre historique - résultats
Vous n’avez pas pris ce quiz